[Event "USA tt"]
[Site "ICC INT"]
[Date "2014.10.21"]
[Round "9"]
[White "Kamsky, Gata"]
[Black "Bhat, Vinay S"]
[Result "1-0"]
[WhiteElo "2706"]
[BlackElo "2511"]
[PlyCount "57"]
[EventDate "2014.08.26"]
[EventType "team-tourn"]
[EventRounds "10"]
[EventCountry "USA"]
[SourceTitle "EXT 2015"]
[Source "ChessBase"]
[SourceDate "2014.11.20"]
[SourceVersion "1"]
[SourceVersionDate "2014.11.20"]
[SourceQuality "1"]
[WhiteTeam "New York"]
[BlackTeam "San Francisco"]
[WhiteTeamCountry "USA"]
[BlackTeamCountry "USA"]

1. d4 d5 2. Nf3 Nf6 3. Bf4 c5 4. e3 Nc6 5. c3 Qb6 6. Qb3 c4 7. Qc2 Bf5 8. Qc1
h6 9. Be2 e6 10. Nbd2 Be7 11. O-O Nh5 12. Bg3 Nxg3 13. hxg3 O-O 14. Re1 Qc7 15.
Bd1 b5 16. a3 a5 17. e4 dxe4 18. Nxe4 Rfd8 19. Bc2 Bf8 20. Ned2 Ne7 21. a4 b4
22. Ne5 bxc3 23. bxc3 Bxc2 24. Qxc2 Nd5 25. Rab1 Nb6 26. Qe4 Bd6 27. Nxf7 Kxf7
28. Qxe6+ Kf8 29. Rxb6 1-0

[Event "New York State-ch 136th"]
[Site "Albany"]
[Date "2014.08.29"]
[Round "1"]
[White "Kamsky, Gata"]
[Black "Panico, Nick F III"]
[Result "1-0"]
[WhiteElo "2681"]
[BlackElo "2001"]
[PlyCount "57"]
[EventDate "2014.08.29"]
[EventType "swiss"]
[EventRounds "6"]
[EventCountry "USA"]
[SourceTitle "CBM 162 Extra"]
[Source "ChessBase"]
[SourceDate "2014.10.17"]
[SourceVersion "1"]
[SourceVersionDate "2014.10.17"]
[SourceQuality "1"]

1. e4 c6 2. d4 g6 3. c4 d5 4. e5 Nh6 5. Nc3 Bg7 6. h4 f6 7. h5 g5 8. exf6 exf6
9. Bd3 Be6 10. Qb3 Qe7 11. Nge2 dxc4 12. Bxc4 Bxc4 13. Qxc4 Qf7 14. b3 O-O 15.
Ne4 Rd8 16. N4g3 Bf8 17. f4 Qxc4 18. bxc4 Bb4+ 19. Kf2 Nf7 20. Rb1 c5 21. Ne4
gxf4 22. a3 f5 23. Nf6+ Kg7 24. Nd5 Ba5 25. h6+ Kf8 26. Nexf4 cxd4 27. Ne6+ Ke8
28. Nxd8 Kxd8 29. Rxb7 1-0

[Event "New York State-ch 136th"]
[Site "Albany"]
[Date "2014.08.30"]
[Round "2"]
[White "Mondal, Sayan"]
[Black "Kamsky, Gata"]
[Result "0-1"]
[WhiteElo "2147"]
[BlackElo "2681"]
[PlyCount "68"]
[EventDate "2014.08.29"]
[EventType "swiss"]
[EventRounds "6"]
[EventCountry "USA"]
[SourceTitle "CBM 162 Extra"]
[Source "ChessBase"]
[SourceDate "2014.10.17"]
[SourceVersion "1"]
[SourceVersionDate "2014.10.17"]
[SourceQuality "1"]

1. e4 d6 2. d4 g6 3. c3 Nf6 4. Bd3 Bg7 5. Nf3 O-O 6. h3 Nc6 7. Bg5 e5 8. d5 Ne7
9. Qd2 c6 10. c4 cxd5 11. cxd5 Nexd5 12. exd5 e4 13. Bxe4 Nxe4 14. Bxd8 Nxd2
15. Nbxd2 Rxd8 16. O-O b5 17. a4 b4 18. Nc4 Ba6 19. b3 Bxa1 20. Rxa1 Bxc4 21.
bxc4 Re8 22. Kf1 Re4 23. Nd2 Rd4 24. Ke2 Re8+ 25. Kd1 a5 26. Rb1 f5 27. Rb3 Kf7
28. g3 g5 29. Re3 Rxe3 30. fxe3 Rd3 31. Ke2 Rc3 32. e4 b3 33. e5 dxe5 34. d6 b2
0-1

[Event "New York State-ch 136th"]
[Site "Albany"]
[Date "2014.09.01"]
[Round "6"]
[White "Ostrovskiy, Aleksandr A"]
[Black "Kamsky, Gata"]
[Result "0-1"]
[WhiteElo "2405"]
[BlackElo "2681"]
[PlyCount "96"]
[EventDate "2014.08.29"]
[EventType "swiss"]
[EventRounds "6"]
[EventCountry "USA"]
[SourceTitle "CBM 162 Extra"]
[Source "ChessBase"]
[SourceDate "2014.10.17"]
[SourceVersion "1"]
[SourceVersionDate "2014.10.17"]
[SourceQuality "1"]

1. e4 e5 2. Nf3 Nc6 3. Bc4 Bc5 4. c3 Nf6 5. d4 exd4 6. cxd4 Bb4+ 7. Nbd2 d5 8.
exd5 Nxd5 9. O-O O-O 10. a3 Bxd2 11. Bxd2 Bg4 12. Bc3 Qd6 13. h3 Bh5 14. g4 Bg6
15. Re1 Nf4 16. Bf1 f6 17. Qd2 Bf7 18. Nh4 g6 19. Re4 Nd5 20. Rae1 Rfe8 21. a4
Rxe4 22. Rxe4 Rd8 23. Ng2 Nce7 24. Qe1 g5 25. Bd2 Ng6 26. Bc4 c6 27. b3 Qd7 28.
Qe2 Kg7 29. Kf1 h5 30. Qd3 hxg4 31. hxg4 Rh8 32. Kg1 Qd6 33. Qg3 Qxg3 34. fxg3
Rd8 35. Kf2 Rd7 36. Be1 Nge7 37. Bd2 Nc8 38. Re1 Nde7 39. Bxf7 Kxf7 40. Re4 Rd8
41. Bc1 Nd5 42. Bd2 Nc7 43. Ne1 Ne6 44. Nf3 Ne7 45. Be1 Nd5 46. b4 Nec7 47. Re2
Re8 48. Rb2 Ne3 0-1

[Event "EU-Cup 30th"]
[Site "Bilbao"]
[Date "2014.09.20"]
[Round "7.1"]
[White "Kamsky, Gata"]
[Black "Edouard, Romain"]
[Result "1/2-1/2"]
[WhiteElo "2681"]
[BlackElo "2674"]
[Annotator "Edouard,R"]
[PlyCount "77"]
[EventDate "2014.09.14"]
[EventType "team-swiss"]
[EventRounds "7"]
[EventCountry "ESP"]
[SourceTitle "CBM 163"]
[Source "ChessBase"]
[SourceDate "2014.11.11"]
[SourceVersion "1"]
[SourceVersionDate "2014.11.11"]
[SourceQuality "1"]
[WhiteTeam "Kazan Ladya"]
[BlackTeam "Sestao Naturgas"]
[WhiteTeamCountry "RUS"]
[BlackTeamCountry "ESP"]

1. d4 d5 2. c4 dxc4 3. Nf3 Nf6 4. e3 e6 5. Bxc4 c5 6. O-O a6 7. a4 b6 8. e4 $5
Nxe4 $2 {A totally nonsense move.} ({The critical move is:} 8... cxd4 9. e5
Nfd7 10. Qxd4 Bb7 (10... Nc6 $5 11. Qg4 Qc7 12. Bf4 Ncxe5 13. Nxe5 Nxe5 14. Be2
Nxg4 15. Bxc7 Nf6 {should be very little for White.}) 11. Qg4 Qc7 12. Nc3 Nc6
13. Bf4 h5 14. Qh3 Nc5 15. Rad1 g6 $2 16. Ng5 Nb4 $2 17. Be3 $18 {1-0 (32)
Ghaem Maghami,E (2610)-Ganguly,S (2586) UAE 2007}) 9. d5 Be7 (9... Nd6 10. Ba2
$16) 10. Re1 Nf6 11. Nc3 (11. dxe6 $5 Bxe6 12. Qxd8+ $16) 11... O-O 12. Bf4 {
The position is already totally lost for Black.} e5 (12... Nh5 13. Bxb8 Rxb8
14. Ne5 $18) (12... exd5 $2 13. Nxd5 $18) 13. Nxe5 Bd6 14. Bg5 (14. Qf3 $5 Qc7
15. Bg3 Nbd7 (15... Bb7 16. Ng4 Nxg4 17. Qxg4 $18) 16. Nc6 Bb7 17. Bxd6 Qxd6
18. Ne7+ Kh8 19. Nf5 Qb8 20. Qe3 $16) 14... h6 15. Bh4 Re8 (15... Nbd7 16. Ng4
$18) 16. f4 $2 {White didn't need to make any concession to win the game.
Instead the two logical moves were both totally winning.} (16. Bxf6 $1 Qxf6 (
16... gxf6 17. Nc6 $16) 17. Ne4 Qxe5 18. Nxd6 Qxe1+ 19. Qxe1 Rxe1+ 20. Rxe1 Bd7
21. Re7 $18) (16. Nc6 Nxc6 17. dxc6 Rxe1+ 18. Qxe1 {is also killing as} Bxh2+
19. Kxh2 $1 (19. Kh1 $5 g5 20. Rd1 Qc7 21. Ne4 $1 $16) 19... Ng4+ 20. Kg1 Qxh4
21. Qe8+ Kh7 22. Qxf7 {wins:} Qh2+ 23. Kf1 Nf6 24. Ne4 Qh1+ 25. Ke2 $18) 16...
Nbd7 17. Nc6 $6 (17. Ng4 $1 Rxe1+ 18. Qxe1 Bxf4 19. Ne4 $40) 17... Rxe1+ 18.
Qxe1 Qc7 {Now the game is already not so clear.} 19. Ne4 $5 (19. g3 Bb7 $132)
19... Bxf4 20. g3 (20. Nxf6+ $6 Nxf6 21. Bxf6 gxf6 22. Qe8+ $6 Kg7 23. Ne7 $6
Bg4 $1 24. Qxa8 Qxe7 $17) 20... Bd6 21. Nxf6+ Nxf6 22. Bxf6 $6 ({The last
chance to find an advantage was to go} 22. Qe3 {but it seems Black holds
anyway:} Bf8 $1 (22... Ng4 $2 23. Qe8+ Kh7 24. Rf1 f5 25. Ne7 Bxe7 26. d6 Qd8
$8 27. Qxe7 Qxe7 28. dxe7 Bd7 29. Rd1 Ne5 30. Rd5 $18) 23. Bxf6 gxf6 24. Qf3
Qd6 25. Re1 Bd7 26. Bd3 b5 $1 27. Bf5 (27. axb5 axb5 28. Bxb5 c4 $132) 27...
Re8 $11) 22... gxf6 23. Qe3 Kg7 24. Qf3 (24. Rf1 Be5 $11 (24... Bb7 $4 25. Rxf6
$18)) 24... Be5 25. Bd3 (25. d6 $6 Bxd6 26. Rf1 f5 $132) 25... Bb7 26. Re1 Bxc6
27. dxc6 Rd8 28. Bxa6 Bxb2 29. Qg4+ Kf8 30. Bb5 Be5 31. Qh5 Kg7 32. Re4 Rd4 33.
Rg4+ Rxg4 34. Qxg4+ Kf8 35. Kg2 Qd6 36. Qc8+ Kg7 37. Qg4+ Kf8 38. Qc8+ Kg7 39.
Qg4+ 1/2-1/2

[Event "USA tt playoff"]
[Site "ICC INT"]
[Date "2014.11.12"]
[Round "1"]
[White "Kovalyov, Anton"]
[Black "Kamsky, Gata"]
[Result "0-1"]
[WhiteElo "2617"]
[BlackElo "2676"]
[PlyCount "66"]
[EventDate "2014.11.12"]
[EventType "team-k.o."]
[EventRounds "3"]
[EventCountry "USA"]
[SourceTitle "EXT 2015"]
[Source "ChessBase"]
[SourceDate "2014.11.20"]
[SourceVersion "1"]
[SourceVersionDate "2014.11.20"]
[SourceQuality "1"]
[WhiteTeam "Rio Grande"]
[BlackTeam "New York"]
[WhiteTeamCountry "USA"]
[BlackTeamCountry "USA"]

1. c4 e5 2. g3 Nf6 3. Bg2 Nc6 4. Nc3 Bc5 5. a3 a6 6. e3 Ba7 7. Nge2 d6 8. d3
O-O 9. h3 Ne7 10. d4 c6 11. O-O Be6 12. b3 b5 13. d5 cxd5 14. cxb5 Qd7 15. bxa6
Bxh3 16. b4 Bxg2 17. Kxg2 h5 18. Qd3 Rab8 19. Rb1 Rfc8 20. b5 e4 21. Qd1 Qg4
22. Rb3 Ng6 23. Ng1 Nh4+ 24. Kh1 Nf3 25. Kg2 h4 26. Nce2 hxg3 27. fxg3 Nh4+ 28.
Kh2 Nf5 29. Rf4 Qh5+ 30. Kg2 Ng4 31. Rxg4 Qxg4 32. Qe1 Rc2 33. Kf1 d4 0-1

[Event "USA tt playoff"]
[Site "ICC INT"]
[Date "2014.11.19"]
[Round "2"]
[White "Holt, Conrad"]
[Black "Kamsky, Gata"]
[Result "1/2-1/2"]
[WhiteElo "2559"]
[BlackElo "2676"]
[PlyCount "107"]
[EventDate "2014.11.12"]
[EventType "team-k.o."]
[EventRounds "3"]
[EventCountry "USA"]
[SourceTitle "CBM 163 Extra"]
[Source "ChessBase"]
[SourceDate "2014.12.23"]
[SourceVersion "1"]
[SourceVersionDate "2014.12.23"]
[SourceQuality "1"]
[WhiteTeam "Dallas"]
[BlackTeam "New York"]
[WhiteTeamCountry "USA"]
[BlackTeamCountry "USA"]

1. d4 Nf6 2. c4 e6 3. Nc3 Bb4 4. Qc2 c5 5. dxc5 Bxc5 6. Bf4 Nc6 7. Nf3 b6 8. e3
Bb7 9. Be2 O-O 10. O-O Be7 11. Rfd1 Rc8 12. Nb5 d5 13. Rac1 a6 14. Nc3 Na5 15.
cxd5 Nxd5 16. e4 Nxf4 17. Rxd8 Rfxd8 18. Rd1 b5 19. Rxd8+ Rxd8 20. Bf1 Nc6 21.
Nb1 g5 22. h3 Ng6 23. Qc1 h6 24. Nbd2 Rc8 25. Qd1 Rd8 26. Qc1 Rc8 27. Qb1 h5
28. Nb3 g4 29. hxg4 hxg4 30. Nh2 Nce5 31. Be2 g3 32. fxg3 Bd8 33. Nd2 Bb6+ 34.
Kf1 Kg7 35. Ke1 Rh8 36. Ndf1 Nc6 37. a3 Nce5 38. Ng4 Nxg4 39. Bxg4 Bd4 40. Qc2
Be5 41. Bf3 Rc8 42. Qd2 Rc4 43. Ne3 Bxg3+ 44. Ke2 Rc8 45. e5 Bxf3+ 46. Kxf3
Bxe5 47. Ng4 Bf4 48. Qd4+ e5 49. Qb6 Rc4 50. Qf6+ Kg8 51. Qd8+ Kg7 52. Qf6+ Kg8
53. Qd8+ Kg7 54. Qf6+ 1/2-1/2

[Event "New York Marchand op"]
[Site "New York"]
[Date "2015.03.14"]
[Round "2"]
[White "Kamsky, Gata"]
[Black "Rofrano, Joshua M"]
[Result "1-0"]
[WhiteElo "2683"]
[BlackElo "1966"]
[PlyCount "85"]
[EventDate "2015.03.14"]
[EventType "swiss"]
[EventRounds "5"]
[EventCountry "USA"]
[SourceTitle "EXT 2016"]
[Source "ChessBase"]
[SourceDate "2015.10.08"]
[SourceVersion "1"]
[SourceVersionDate "2015.10.08"]
[SourceQuality "1"]

1. e4 c5 2. Nf3 e6 3. d4 cxd4 4. Nxd4 Nf6 5. Nc3 d6 6. f4 Nc6 7. Bb5 Qc7 8. O-O
a6 9. Bxc6+ bxc6 10. Kh1 Be7 11. e5 Nd7 12. exd6 Bxd6 13. Ne4 Be7 14. f5 Nf6
15. Nxf6+ Bxf6 16. fxe6 Bxe6 17. Nxe6 fxe6 18. Qh5+ Qf7 19. Qc5 Qb7 20. Bg5 Qb5
21. Qxb5 axb5 22. Bxf6 gxf6 23. Rxf6 Ke7 24. Rh6 c5 25. a3 Rad8 26. Re1 Rd6 27.
h3 Kf7 28. Re5 Rc6 29. Rhh5 b4 30. a4 c4 31. Rb5 Kg6 32. Rh4 b3 33. cxb3 cxb3
34. Rxb3 Rc1+ 35. Kh2 Ra1 36. Rf4 Kg5 37. Rbf3 Rb8 38. Rg4+ Kh5 39. b3 Rb1 40.
Re3 R1xb3 41. Re5+ Kh6 42. Rxe6+ Kh5 43. Rg7 1-0

[Event "USA-ch"]
[Site "Saint Louis"]
[Date "2015.04.03"]
[Round "3"]
[White "Kamsky, Gata"]
[Black "Nakamura, Hikaru"]
[Result "1/2-1/2"]
[WhiteElo "2683"]
[BlackElo "2798"]
[Annotator "Friedel,J"]
[PlyCount "120"]
[EventDate "2015.04.01"]
[EventType "tourn"]
[EventRounds "11"]
[EventCountry "USA"]
[EventCategory "16"]
[SourceTitle "CBM 166"]
[Source "ChessBase"]
[SourceDate "2015.05.11"]
[SourceVersion "1"]
[SourceVersionDate "2015.05.11"]
[SourceQuality "1"]

{This battle between two of the usual heavyweights is always highly
anticipated.} 1. d4 Nf6 2. Nf3 e6 3. Bf4 {Kamsky opts for his trusty London
system.} c5 4. e3 Nc6 5. c3 d5 6. Nbd2 Bd6 7. Bg3 O-O 8. Bd3 b6 9. e4 $5 {
It is unusual to play this break before castling.} (9. Ne5 {is the main move
here, which Kamsky has played before.}) 9... Be7 {I like this reaction by
Hikaru, keeping his bishop and ensuring a more double-edged fight.} 10. e5 Nh5
11. O-O Bd7 {Black is in no rush to capture on g3.} 12. Re1 Rc8 13. a3 Nxg3 14.
hxg3 f5 {I like this move, shutting down the bishop unless White wants to open
the bishop for black's pieces.} 15. dxc5 $5 (15. exf6 Bxf6 {looks great for
Black.}) (15. b4 {would be my choice, and is the logical follow up to a3.})
15... bxc5 16. b4 g5 {Hikaru tries to make life uncomfortable for the f3
knight.} 17. Nh2 {This move is highly counterintuitive.} (17. bxc5 {was what I
expected during the game, securing the d4 square for the knight. I'm curious
why Gata rejected it.}) 17... d4 18. b5 dxc3 19. bxc6 cxd2 20. Re2 Bxc6 21.
Rxd2 (21. Bc4 $1 {is more precise, preventing the pawn from reaching this
square.}) 21... Bd5 22. g4 $2 {White allows c4 without a fight.} (22. Bc4 Bxc4
(22... Qc7 {is playable, but then White would certainly have played this move.}
) 23. Rxd8 Rfxd8 {is what I thought Hikaru's idea might be, but I'm not sure
it is so clear after} 24. Qa4) 22... c4 23. Bc2 f4 {Now White really is up
against it.} 24. Qe2 Qa5 25. Nf3 Rcd8 (25... Rfd8 {looks far more natural. I'm
sure there is a concrete reason Hikaru preferred the other rook, but I don't
see it.}) 26. Rdd1 Rd7 27. a4 Rfd8 28. Rab1 a6 {There is no reason to allow
Rb5.} 29. Rdc1 Ba3 30. Rd1 (30. Nxg5 Bxc1 31. Rxc1 c3 {and White just can't
make any threats.}) 30... h6 31. Kh2 Bf8 {Now Black's kingside is completely
secure.} 32. Rdc1 Qc5 33. Kg1 Qc6 (33... Bxf3 {Hikaru was understandably
reluctant to give up his bishop, but this looks very strong.} 34. Qxf3 Rd2 {
and with f2 under pressure and e5 falling, White's position looks lost.}) 34.
Rd1 Bg7 {I'm not sure I care for the bishop here.} (34... Bc5 {looks a bit
more menacing.}) 35. Nd4 (35. a5 {was annoying, threatening Rb6, and if} Qc5
36. Be4 {gives White a little counterplay.}) 35... Qc7 36. Nf3 {There was some
time trouble around here, so there is some repeating.} Rb8 (36... Bf8 {Black
had a chance to swing the bishop around again.}) 37. Rxb8+ Qxb8 38. Be4 $1 {
Gata of course doesn't miss his chance for this move.} Qc8 39. Bc2 $6 {But
this one I don't get.} (39. Bxd5 Rxd5 40. Rc1 {and with the bishop on g7 out
of the game and Black's king a little open I think White has good chances to
hold.}) 39... Qc6 40. Nd4 Qc7 41. Nf3 Rd8 42. Bb1 Rb8 43. Bc2 (43. Be4 $1)
43... a5 44. Rc1 Qb7 45. Qd1 Qa8 {As is often the case, I'm not sure what
Hikaru is up to. It looks like he's been futzing around, but there is usually
a subtle point to these moves. In this case, I think he wants to avoid Be4
while not running into Nd4.} 46. Qe2 Rb4 47. Rd1 Qc6 48. Nd4 Qc7 49. Re1 Qb7
50. Rd1 Bf8 {Hikaru is making some progress.} (50... Bxg2 51. f3 {is not
recommended.}) 51. Nb5 {Gata decides that he's done with waiting, so he
complicates the game.} (51. Kh2 {A waiting move might be objectively stronger,
but after} Rb2 {and Bc5 coming it is clear White will be facing real problems.}
) 51... Bxg2 52. Rd8 Bh1 {It looks like White is busted.} 53. Qf1 Rb2 54. Nd6
Qd5 55. Nf7 {Gata plays his last chance.} Rxc2 $2 (55... Qc6 56. Bg6 (56. Nxh6+
Kg7 {doesn't help White.}) 56... Be4 {and White's pieces just can't do a lot.})
56. Rxd5 Bxd5 57. Qb1 $1 {The only move, and now Hikaru has to sac another
exchange.} Kxf7 (57... Be4 58. Nd6 {is possibly what Hikaru missed, and
actually White is the one who wins.}) 58. Qxc2 Kg7 59. Qd2 Bb4 60. Qd4 c3 {
Neither side can make progress, so they agreed to a draw. Nakamura really
outplayed Kamsky this game, but Gata defended stubbornly as he always does and
one mistake was enough to throw it away.} 1/2-1/2

[Event "RUS-chT blitz"]
[Site "Sochi"]
[Date "2015.05.10"]
[Round "1.17"]
[White "Golubov, Saveliy"]
[Black "Kamsky, Gata"]
[Result "1-0"]
[WhiteElo "2405"]
[BlackElo "2673"]
[PlyCount "163"]
[EventDate "2015.05.10"]
[EventType "team-swiss (blitz)"]
[EventRounds "11"]
[EventCountry "RUS"]
[SourceTitle "CBM 166 Extra"]
[Source "ChessBase"]
[SourceDate "2015.06.18"]
[SourceVersion "1"]
[SourceVersionDate "2015.06.18"]
[SourceQuality "1"]
[WhiteTeam "Belgorod Rakita"]
[BlackTeam "Kazan Ladya"]
[WhiteTeamCountry "RUS"]
[BlackTeamCountry "RUS"]

1. e4 c5 2. Nf3 e6 3. b3 b6 4. Bb2 Bb7 5. Qe2 Ne7 6. d4 cxd4 7. Nxd4 Nbc6 8.
Nxc6 Bxc6 9. Nc3 Ng6 10. O-O-O Bc5 11. g3 Qe7 12. f4 Ba3 13. Bg2 Bxb2+ 14. Kxb2
O-O 15. e5 Bxg2 16. Qxg2 Rac8 17. Ne4 f6 18. exf6 gxf6 19. Qd2 d5 20. Nf2 Rfd8
21. Rhe1 f5 22. Nd3 Qf6+ 23. Kb1 a5 24. h4 Rd6 25. h5 Nh8 26. g4 fxg4 27. Rg1
Nf7 28. Rxg4+ Kh8 29. Qe3 Rdc6 30. Rg2 a4 31. Ne5 R6c7 32. Ng4 Qc3 33. Qxe6 a3
34. Qf6+ Qxf6 35. Nxf6 d4 36. Rxd4 Nh6 37. Rd1 Rf7 38. Nd5 b5 39. Nc3 Rf5 40.
Rd5 b4 41. Rxf5 Nxf5 42. Ne2 Ne3 43. Rg3 Nxc2 44. Rd3 Ne1 45. Rd1 Nf3 46. Rd3
Re8 47. Nc1 Nh4 48. Rd4 Re1 49. Rxb4 Nf3 50. Kc2 Rh1 51. Ra4 Rxh5 52. Rxa3 Rc5+
53. Kb2 h5 54. b4 Rc4 55. Rxf3 Rxb4+ 56. Nb3 Ra4 57. a3 Kg7 58. Nc5 Rc4 59. Nd3
Kf6 60. Rh3 Rd4 61. Kc3 Ra4 62. Rxh5 Rxa3+ 63. Kd4 Ra4+ 64. Ke3 Rc4 65. Rc5 Ra4
66. Rc6+ Kf5 67. Rc5+ Kf6 68. Rb5 Rc4 69. Rb4 Rc8 70. Ke4 Rc6 71. Ne5 Ra6 72.
Nc4 Ra1 73. Rb6+ Ke7 74. Ne5 Ra8 75. Rb7+ Kd6 76. Rd7+ Ke6 77. f5+ Kf6 78. Rd6+
Ke7 79. Re6+ Kf8 80. Kf4 Ra1 81. Kg5 Ra7 82. Kf6 1-0

[Event "RUS-chT blitz"]
[Site "Sochi"]
[Date "2015.05.10"]
[Round "2.17"]
[White "Kamsky, Gata"]
[Black "Potapov, Pavel"]
[Result "1-0"]
[WhiteElo "2673"]
[BlackElo "2477"]
[PlyCount "77"]
[EventDate "2015.05.10"]
[EventType "team-swiss (blitz)"]
[EventRounds "11"]
[EventCountry "RUS"]
[SourceTitle "CBM 166 Extra"]
[Source "ChessBase"]
[SourceDate "2015.06.18"]
[SourceVersion "1"]
[SourceVersionDate "2015.06.18"]
[SourceQuality "1"]
[WhiteTeam "Kazan Ladya"]
[BlackTeam "Yamal YaNAO"]
[WhiteTeamCountry "RUS"]
[BlackTeamCountry "RUS"]

1. d4 f5 2. g3 Nf6 3. Bg2 g6 4. c3 Bg7 5. h4 c6 6. Nh3 d6 7. Qb3 e5 8. dxe5
dxe5 9. Be3 Qe7 10. Ng5 h6 11. Bc5 Qd7 12. Nf3 Ng4 13. Nbd2 Qf7 14. Nc4 Bf8 15.
Bxf8 Kxf8 16. Nfxe5 Nxe5 17. Nxe5 Qxb3 18. axb3 Kg7 19. Nc4 Na6 20. b4 Be6 21.
Na5 Nc7 22. Nxb7 Bd5 23. f3 Ne6 24. Kf2 f4 25. Bh3 g5 26. Bxe6 Bxe6 27. Nc5 Bd5
28. hxg5 hxg5 29. Rxh8 Rxh8 30. Rxa7+ Kf6 31. gxf4 gxf4 32. b3 Rh2+ 33. Ke1
Rh1+ 34. Kd2 Rb1 35. c4 Bf7 36. Ra6 Be8 37. b5 Rb2+ 38. Ke1 Kf5 39. b6 1-0

[Event "RUS-chT blitz"]
[Site "Sochi"]
[Date "2015.05.10"]
[Round "3.5"]
[White "Malakhov, Vladimir"]
[Black "Kamsky, Gata"]
[Result "1/2-1/2"]
[WhiteElo "2702"]
[BlackElo "2673"]
[PlyCount "67"]
[EventDate "2015.05.10"]
[EventType "team-swiss (blitz)"]
[EventRounds "11"]
[EventCountry "RUS"]
[SourceTitle "CBM 166 Extra"]
[Source "ChessBase"]
[SourceDate "2015.06.18"]
[SourceVersion "1"]
[SourceVersionDate "2015.06.18"]
[SourceQuality "1"]
[WhiteTeam "Sverdlovsk Malachite"]
[BlackTeam "Kazan Ladya"]
[WhiteTeamCountry "RUS"]
[BlackTeamCountry "RUS"]

1. Nf3 Nf6 2. g3 g6 3. b3 Bg7 4. Bb2 d5 5. c4 c6 6. Bg2 O-O 7. O-O Bg4 8. d3
Bxf3 9. Bxf3 e6 10. Nd2 a5 11. Qc2 Qb6 12. a3 Na6 13. Bg2 Rfd8 14. Rab1 Ne8 15.
Bxg7 Nxg7 16. e3 Nc5 17. d4 Nd7 18. Rfc1 Nf5 19. Nf3 Qa7 20. Ne1 Nd6 21. a4 Nf5
22. Nd3 Qb8 23. h4 Nf6 24. Nf4 Kg7 25. Qe2 Qd6 26. Nd3 Qe7 27. Ne5 h6 28. Bh3
Nd6 29. Bg2 Nde4 30. Bxe4 Nxe4 31. Kg2 Nf6 32. Nd3 Ne4 33. Ne5 Nf6 34. Nd3
1/2-1/2

[Event "RUS-chT blitz"]
[Site "Sochi"]
[Date "2015.05.10"]
[Round "4.1"]
[White "Kamsky, Gata"]
[Black "Andreikin, Dmitry"]
[Result "0-1"]
[WhiteElo "2673"]
[BlackElo "2723"]
[PlyCount "74"]
[EventDate "2015.05.10"]
[EventType "team-swiss (blitz)"]
[EventRounds "11"]
[EventCountry "RUS"]
[SourceTitle "CBM 166 Extra"]
[Source "ChessBase"]
[SourceDate "2015.06.18"]
[SourceVersion "1"]
[SourceVersionDate "2015.06.18"]
[SourceQuality "1"]
[WhiteTeam "Kazan Ladya"]
[BlackTeam "Belorechensk Univ"]
[WhiteTeamCountry "RUS"]
[BlackTeamCountry "RUS"]

1. d4 d5 2. c4 c6 3. Nf3 Nf6 4. e3 Bf5 5. Nc3 e6 6. Bd3 Bxd3 7. Qxd3 Nbd7 8.
O-O Bb4 9. Bd2 a5 10. a3 Bxc3 11. bxc3 O-O 12. a4 Nb6 13. cxd5 exd5 14. Rfb1
Qc7 15. Ne5 Ne4 16. Qc2 f6 17. Nd3 Nc4 18. Bc1 Rfe8 19. Nb2 Ned6 20. Nxc4 Nxc4
21. Ba3 b6 22. Qa2 f5 23. Re1 Re4 24. Re2 Rae8 25. Rae1 f4 26. exf4 Qxf4 27.
Rxe4 Rxe4 28. Rxe4 Qxe4 29. h3 Qe1+ 30. Kh2 Qxc3 31. Be7 Qxd4 32. Bd8 h6 33.
Qe2 Qe4 34. Qh5 d4 35. f3 Qd5 36. Qe8+ Kh7 37. Bh4 d3 0-1

[Event "RUS-chT blitz"]
[Site "Sochi"]
[Date "2015.05.10"]
[Round "5.5"]
[White "Bocharov, Ivan"]
[Black "Kamsky, Gata"]
[Result "0-1"]
[WhiteElo "2489"]
[BlackElo "2673"]
[PlyCount "116"]
[EventDate "2015.05.10"]
[EventType "team-swiss (blitz)"]
[EventRounds "11"]
[EventCountry "RUS"]
[SourceTitle "CBM 166 Extra"]
[Source "ChessBase"]
[SourceDate "2015.06.18"]
[SourceVersion "1"]
[SourceVersionDate "2015.06.18"]
[SourceQuality "1"]
[WhiteTeam "Krasnoyarsk 56 parallel"]
[BlackTeam "Kazan Ladya"]
[WhiteTeamCountry "RUS"]
[BlackTeamCountry "RUS"]

1. f4 d5 2. Nf3 g6 3. g3 Bg7 4. Bg2 c6 5. O-O Qb6+ 6. d4 Nf6 7. Nc3 O-O 8. e3
Na6 9. b3 Bf5 10. Na4 Qd8 11. c4 Ne4 12. Bb2 Nc7 13. Rc1 Ne8 14. Ne5 h5 15.
cxd5 cxd5 16. Nc5 N8d6 17. Qe2 Rc8 18. Rfd1 Rc7 19. Nxe4 Bxe4 20. Rxc7 Qxc7 21.
Rc1 Qa5 22. Bc3 Qa3 23. Qb2 Qxb2 24. Bxb2 Bxg2 25. Kxg2 Rc8 26. Rxc8+ Nxc8 27.
Nd3 e6 28. Ba3 Bf6 29. Kf3 Bd8 30. e4 dxe4+ 31. Kxe4 Nb6 32. Bc5 Nd5 33. Bxa7
Nc3+ 34. Kf3 Nxa2 35. Nc5 b6 36. Nd7 b5 37. Bb6 Bxb6 38. Nxb6 Nc1 39. b4 Na2
40. d5 Nxb4 41. d6 Kf8 42. Nd7+ Ke8 43. Ne5 f6 44. Nxg6 Kd7 45. g4 hxg4+ 46.
Kxg4 Nd5 47. Kf3 Kxd6 48. h4 Ne7 49. Nf8 Nf5 50. h5 Ke7 51. Ng6+ Kf7 52. Ke4
Ng3+ 53. Kd4 Nxh5 54. f5 Ng3 55. Nh8+ Kg7 56. fxe6 Kxh8 57. Kc5 Kg7 58. Kxb5
Kf8 0-1